000 00400nam a2200133Ia 4500
008 151015s9999 xx 000 0 und d
020 _a1573220221
050 _aF130 .N4M38 1996
245 _aMcBride,James.
250 _a_The colour of water A black man's tribute to his white mother James McBride
300 _aNew York Riverhead 1996
650 _a_Novel
700 _a^d20130613 11:01:15^oanne
999 _c5237
_d5237